Wizard of Oz Cast - Statistics

General Stats
  • This quiz has been taken 36 times
  • The average score is 6 of 14
Answer Stats
Hint Answer % Correct
Dorothy Gale Judy Garland
100%
The Tin Man / Hickory Jack Haley
66%
Wicked Witch of the West / Miss Gulch Margaret Hamilton
66%
The Scarecrow / Hunk Ray Bolger
62%
Cowardly Lion / Zeke Bert Lahr
59%
Glinda the Good Witch Billie Burke
45%
The Wizard / Professor Marvel / Doorman / Cabbie / Guard Frank Morgan
34%
Uncle Henry Charley Grapewin
31%
Toto Terry
31%
Aunt Em Clara Blandick
21%
Lollipop Guild Member (hands Dorothy the Lollipop) Jerry Maren
17%
Collective name for the Munchkins The Singer Midgets
17%
Munchkin Mayor Charlie Becker
10%
Munchkin Coroner Meinhardt Raabe
7%
No matching quizzes found
Score Distribution
Percent of People with Each Score
Percentile by Number Answered
Your Score History
You have not taken this quiz